GUIDELINES FOR NATIONAL DRUG POLICY (Record no. 5823)

MARC details
000 -LEADER
fixed length control field 00384nam a22001577a 4500
005 - DATE AND TIME OF LATEST TRANSACTION
control field 20190427142527.0
008 - FIXED-LENGTH DATA ELEMENTS--GENERAL INFORMATION
fixed length control field 190427b xxu||||| |||| 00| 0 eng d
020 ## - INTERNATIONAL STANDARD BOOK NUMBER
ISBN 978-93-5164-527-6
041 ## - LANGUAGE CODE
Language code of text/sound track or separate title eng
100 ## - MAIN ENTRY--AUTHOR NAME
Personal name BHISE, DR. S.B
245 ## - TITLE STATEMENT
Title GUIDELINES FOR NATIONAL DRUG POLICY
250 ## - EDITION STATEMENT
Edition statement 1st,2015
260 ## - PUBLICATION, DISTRIBUTION, ETC. (IMPRINT)
Place of publication PUNE
Name of publisher NIRALI PRAKASHAN
300 ## - PHYSICAL DESCRIPTION
Number of Pages A.3 p,
942 ## - ADDED ENTRY ELEMENTS (KOHA)
Koha item type Books
Holdings
Lost status Damaged status Collection code Home library Current library Shelving location Date acquired Source of acquisition Cost, normal purchase price Accession Number Koha item type
    PHARMACY JRU Library JRU Library SHELF-19-C 27/04/2019 PURCHESS 160.00 22661 Books
    PHARMACY JRU Library JRU Library SHELF-19-C 27/04/2019 PURCHESS 160.00 22662 Books
    Reference JRU Library JRU Library SHELF-3-A 27/04/2019 PURCHESS 160.00 22663 Books